00326nam a22000977a 4500008004100000082001700041110000800058245012600066260002700192300000900219230609b xxu||||| |||| 00| 0 eng d a354.676bGOK bGOK a2007/2008 Estimates of Development Expenditure of the GOk for the Year Endeing 30th June, 2008cvolume 2 (Votes D018-D46) aKenyabGoKcJune, 2007 a909p